• 首页
  • 本馆介绍
  • 公告通知
  • 最新文献
  • 馆藏检索
  • 电子资源
  • 读者导购
  • 参考咨询
  • 我的图书馆
  • 登录
  • 详细信息显示
  • 放入我的书架
  • 预约/预借图书
  • 作者相关作品
  • 分类相关作品
  • 丛书相关作品
  • 出版社相关作品

书目信息

  • 表格格式
  • 工作单格式
  • 卡片格式
题名:
播音发声技巧
    
 
作者: 白龙 著
分册:  
出版信息: 北京   中国广播电视出版社  2002
页数: 281页
开本: 21cm
丛书名: 播音主持艺术技巧丛书
单 册:
中图分类: G22
科图分类:
主题词: 播音--表达(语言学) , 播音--发声法
电子资源:
ISBN: 7-5043-3844-3
000 00991nam0 2200313 450
000 00954nam0 2200301 450
000 01282nam0 2200409 450
000 01265nam0 2200409 450
001 1255491233
005 20121006134143.85
010    @a7-5043-3844-3@dCNY17.00
100    @a20020219d2002 em y0chiy0110 ea
101 0  @achi
102    @aCN@b110000
105    @ay z 000yy
200 1  @a播音发声技巧@9bo yin fa sheng ji qiao@f白龙著
210    @a北京@c中国广播电视出版社@d2002
215    @a281页@d21cm
225 2  @a播音主持艺术技巧丛书
314    @a白龙,副教授,硕士生导师。著有《播音发声技巧》。
330    @a本书包括:播音发声的基础、声音的产生、气息控制、共鸣调节、发声机理、声调的把握及运用、吐字归音等内容。
461  0 @12001 @a播音主持艺术技巧丛书
606 0  @a播音@x表达(语言学)
606 0  @a播音@x发声法
690    @aG22@v4
701  0 @a白龙@9bai long@4著
801  0 @aCN@bTSSF@c20020221
905    @a10447@dG22@eJY30
    
    播音发声技巧/白龙著.-北京:中国广播电视出版社,2002
    281页;21cm.-(播音主持艺术技巧丛书)
    
    
    ISBN 7-5043-3844-3:CNY17.00
    本书包括:播音发声的基础、声音的产生、气息控制、共鸣调节、发声机理、声调的把握及运用、吐字归音等内容。
●
相关链接 在E读中查询图书 在五车中查询图书 在当当中查询图书 在豆瓣中查询图书


正题名:播音发声技巧     索取号:G22/JY30         预约/预借

序号 登录号 条形码 馆藏地/架位号 状态 备注
1 7814614   278146141   学院路分馆/ [索取号:G22/JY30] 在馆    
2 7814615   278146150   学院路分馆/ [索取号:G22/JY30] 在馆    
3 7814616   278146169   学院路分馆/ [索取号:G22/JY30] 在馆    
唐山师范学院图书馆 欢迎您!
大连网信软件有限公司© 版权所有